| 000 | 01313nam a2200241Ia 4500 | ||
|---|---|---|---|
| 001 | 10122 | ||
| 003 | GE_BSU | ||
| 008 | 181216s||||||||xx |||||||||||||| ||und|| | ||
| 020 | _a9789941148798 | ||
| 040 | _cGE_BSU | ||
| 080 | _a348(479.22) | ||
| 100 | _aჯაფარიძე,ანანია მიტროპოლიტი | ||
| 245 | _aსაქართველოს საეკლესიო კანონების კრებული | ||
| 245 | _bსაქ–ს საეკლ. კრების სამართალი,კანონები და დადგენილებები | ||
| 245 | _cმიტროპოლიტი ანანია ჯაფარიძე.საქ.საპატრიარქოს მანგლის–წალკის ეპარქია | ||
| 260 | _aთბილისი | ||
| 260 | _bტექნიკური უნ–ტი | ||
| 260 | _c2010 | ||
| 300 | _a792გვ.1ფ.პორტრ.30სმ. | ||
| 653 | _aსაქართველოს საეკლესიო კანონების კრებული | ||
| 653 | _aსაქ–ს საეკლ. კრების სამართალი,კანონები და დადგენილებები | ||
| 942 | _cBK | ||
| 999 |
_c43394 _d43394 |
||